000 00909nam a22002897i 4500
003 DO-SdBNP
005 20250529091048.0
007 ta
008 250529b2024 |||||||| |||| 00| 0 spa d
020 _a9789945639384
040 _aDO-SdBNP
_bspa
_cBNPHU
_erda
041 _hspa
082 _aRD861.44
_bC117c, 2024
_222
100 1 _aCabral, Manuel del
_d1907-1999
_eautor
_923556
245 1 0 _aCompadre Mon /
_cManuel del Cabral ; prólogo de Mateo Morrison
264 _aSanto Domingo :
_bInstituto Superior de Formación Docente Salomé Ureña,
_c2024.
300 _a204 páginas :
_c24 cm
336 _ardacontent
_btexto
_2txt
337 _ardamedia
_bsin mediación
_2n
338 _ardacarrier
_bvolumen
_2nc
590 _aInventariado, 2025/DG
650 4 _aPoesía dominicana
650 4 _aLiteratura dominicana
700 1 _aMorrison, Mateo
_eprólogo
_979661
910 _aDG
942 _2ddc
_cLBS1
999 _c58522
_d58522